header

Change and the 2020 census (Record no. 130433)

MARC details
000 -LEADER
fixed length control field 02778nam a2200397 a 4500
245 10 - TITLE STATEMENT
Title Change and the 2020 census
260 ## - PUBLICATION, DISTRIBUTION, ETC. (IMPRINT)
Place of publication Washington, D.C. :
Name of publisher National Academies Press,
Year of publication c2011.
300 ## - PHYSICAL DESCRIPTION
Number of Pages xi, 45 p.
520 ## - SUMMARY, ETC.
Summary, etc "Sponsored by the Census Bureau and charged to evaluate the 2010 U.S. census with an eye toward suggesting research and development for the 2020 census, the Panel to Review the 2010 Census uses this first interim report to suggest general priorities for 2020 research. Although the Census Bureau has taken some useful organizational and administrative steps to prepare for 2020, the panel offers three core recommendations, and suggests the Census Bureau take and assertive, aggressive approach to 2020 planning rather than casting possibilities purely as hypothetical. The first recommendation on research and development suggests four broad topic areas for research early in the decade. Second, the report suggest that the Bureau take an aggressive, assertive posture toward research in these priority areas. Third, it identifies the setting of bold goals as essential to underscoring the need for serious reengineering and building commitment to change."--Publisher's website.
650 #0 - SUBJECT ADDED ENTRY--TOPICAL TERM
Topical Term Demographic surveys
700 1# - ADDED ENTRY--PERSONAL NAME
Personal name Cook, Thomas M.
Personal name Norwood, Janet Lippe.
Personal name Cook, Daniel L.
856 40 - ELECTRONIC LOCATION AND ACCESS
Uniform Resource Identifier http://site.ebrary.com/lib/rucke/Doc?id=10495402

No items available.

© 2026 Rongo University
Contact us: librarian | system librarian | Rongo university